000 01150 a2200277 4500
999 _c4376
_d4376
020 _a9780840032713
020 _a0840032714
050 0 0 _aHT111 KLE 2011
100 1 _aKleniewski, Nancy.
245 1 0 _aCities, change, and conflict :
_ba political economy of urban life /
_cNancy Kleniewski, Alexander R. Thomas.
250 _a4th ed.
264 _a[ Belmont]:
_bWadsworth Cengage Learning,
_c2011
300 _axvi, 425 p. :
_bill., maps ;
500 _aIncludes index
504 _aIncludes bibliographical references (p. 379-408) and index.
650 0 _aCities and towns
_xHistory.
650 0 _aSociology, Urban.
650 0 _aHuman ecology.
650 0 _aEconomic history.
700 _aThomas, Alexander,R.
_eauthor
856 4 2 _3Contributor biographical information
_uhttp://www.loc.gov/catdir/enhancements/fy1105/2010922637-b.html
856 4 2 _3Publisher description
_uhttp://www.loc.gov/catdir/enhancements/fy1105/2010922637-d.html
856 4 1 _3Table of contents only
_uhttp://www.loc.gov/catdir/enhancements/fy1215/2010922637-t.html
942 _2lcc
_cBK
_e4th
_h111
_iKLE
_kHT